Versorgung mit Nahrungsgütern, Verbrauch von Lebensmitteln und Probleme der Ernährung der Bevölkerung in der DDR (Record no. 1728)

MARC details
000 -LEADER
fixed length control field 00577nam a22001937i 4500
001 - CONTROL NUMBER
control field 1747
003 - CONTROL NUMBER IDENTIFIER
control field OSt
005 - DATE AND TIME OF LATEST TRANSACTION
control field 20170126082258.0
007 - PHYSICAL DESCRIPTION FIXED FIELD--GENERAL INFORMATION
fixed length control field tu
008 - FIXED-LENGTH DATA ELEMENTS--GENERAL INFORMATION
fixed length control field 161220s1986 xxu||||| |||| 00| 0 d
024 7# - OTHER STANDARD IDENTIFIER
Standard number or code 1746
Source of number or code RID
040 ## - CATALOGING SOURCE
Transcribing agency OSt
084 ## - OTHER CLASSIFICATION NUMBER
Classification number 3.271
-- 16.20
-- 20.22
Number source z
100 1# - MAIN ENTRY--PERSONAL NAME
Personal name Spindler, Bernd
245 00 - TITLE STATEMENT
Title Versorgung mit Nahrungsgütern, Verbrauch von Lebensmitteln und Probleme der Ernährung der Bevölkerung in der DDR
260 ## - PUBLICATION, DISTRIBUTION, ETC.
Place of publication, distribution, etc. Bonn :
Name of publisher, distributor, etc. Bundesanstalt für gesamtdeutsche Fragen, Bonn,
Date of publication, distribution, etc. 1986.
300 ## - PHYSICAL DESCRIPTION
Extent 69 S. ;
Dimensions 30cm.
651 ## - SUBJECT ADDED ENTRY--GEOGRAPHIC NAME
Geographic name German Democratic Republic
942 ## - ADDED ENTRY ELEMENTS (KOHA)
Koha item type Book
Holdings
Withdrawn status Lost status Damaged status Not for loan Home library Current library Shelving location Date acquired Inventory number Total Checkouts Full call number Barcode Date last seen Price effective from Koha item type
        WIIW WIIW Souterrain 01/12/1995 1747   II-4.473 301745 01/26/2017 01/26/2017 Book
The Vienna Instiute for International Economic Studies (wiiw)